Catena di iniziali - Cars - Statistics

Statistiche generali
  • Questo quiz è stato fatto 76 volte
  • Il punteggio medio è 6 su 15
Statistiche sulle risposte
Domanda Risposta % Corretto
Il protagonista della trilogia di Cars Saetta
100%
(segue dall'iniziale della seconda parola) Il camion che trasporta il protagonista Mack
70%
Il mentore del protagonista che muore tra Cars 1 e 2 Doc
68%
Nome e cognome del rivale verde del protagonista in Cars 1 Chick Hicks
59%
La marca di auto di Nigel Gearsley Aston Martin
48%
Il carro attrezzi blu in cui Cricchetto si trasforma in Cars 2 Ivan
44%
Il nome del doppiatore del protagonista in lingua originale Owen Wilson
38%
Il maranza arancione che starnutisce sempre in Cars 1 Snot Rod
38%
Uno dei due piloti britannici di Cars 2 (nome e cognome) Nigel Gearsley
37%
Lo sponsor nero-arancio di Aiken Axler Nitroade
32%
Il nome di Cricchetto da torero (con articolo) El Cricchettero
31%
Il rivale nipponico di Cricchetto in "Cricchetto ninja-carro nervosetto" Kabuto
21%
Il personaggio di Star Wars di cui esiste una macchinina costruita usando il modello di Doc Obi-wan Kenobi
21%
Il cognome di Haul, già vincitore della Piston Cup Inngas
20%
Il personaggio di Toy Story che offre dei gelati al limone Yeti
20%
Nessun quiz corrispondente trovato
Distribuzione punteggi
Percentuale di utenti per punteggio
Percentile per numero di risposta
I tuoi punteggi nel tempo
Non hai fatto questo quiz